• 首页
  • 本馆介绍
  • 公告通知
  • 最新文献
  • 馆藏检索
  • 电子资源
  • 读者导购
  • 参考咨询
  • 我的图书馆
  • 登录
  • 详细信息显示
  • 放入我的书架
  • 预约/预借图书
  • 作者相关作品
  • 分类相关作品
  • 丛书相关作品
  • 出版社相关作品

书目信息

  • 表格格式
  • 工作单格式
  • 卡片格式
题名:
户外生存必备技能
    
 
作者: 罗斯特 著
分册:  
出版信息: 北京   现代出版社  2016.05
页数: 230页
开本: 26cm
丛书名:
单 册:
中图分类: G895-49
科图分类:
主题词: 文娱性体育活动
电子资源:
ISBN: 978-7-5143-4800-2
000 00566nam0 2200193 450
001 570
005 20160905084250.51
010    @a978-7-5143-4800-2@dCNY48.00
100    @a20160722d2016 km y0chiy0120 ea
101 0  @achi
102    @aCN@b110000
200 1  @a户外生存必备技能@Ahu wai sheng cun bi bei ji neng@f(美)罗斯特著@F(mei)luo si te zhu
210    @a北京@c现代出版社@d2016.05
215    @a230页@d26cm
606 0  @a文娱性体育活动
690    @aG895-49@v4
701  0 @a罗斯特@Aluo si te@4著
801  0 @aCN@b唐山师范学院图书馆@c20160722
905    @aZUCC@dG895-49@e303
    
    户外生存必备技能/(美)罗斯特著.-北京:现代出版社,2016.05
    230页;26cm
    
    
    ISBN 978-7-5143-4800-2:CNY48.00
    
●
相关链接 在E读中查询图书 在五车中查询图书 在当当中查询图书 在豆瓣中查询图书


正题名:户外生存必备技能     索取号:G895-49/303         预约/预借

序号 登录号 条形码 馆藏地/架位号 状态 备注
1 902424   209024241   第一样本阅览室/ [索取号:G895-49/303] 在馆    
2 902425   209024250   第四借阅区/ [索取号:G895-49/303] 在馆    
3 902426   209024269   第四借阅区/ [索取号:G895-49/303] 在馆    
4 902427   209024278   第四借阅区/ [索取号:G895-49/303] 在馆    
5 902428   209024287   第四借阅区/ [索取号:G895-49/303] 在馆    
唐山师范学院图书馆 欢迎您!
大连网信软件有限公司© 版权所有